LIBRARY & INFORMATION CENTRE, KCAET, TAVANUR

ONLINE PUBLIC ACCESS CATALOGUE (OPAC)

Development and performance evaluation of a rubber tapping machine (Record no. 15473)

MARC details
000 -LEADER
fixed length control field 00541nam a22001577a 4500
003 - CONTROL NUMBER IDENTIFIER
control field OSt
008 - FIXED-LENGTH DATA ELEMENTS--GENERAL INFORMATION
fixed length control field 180925b ||||| |||| 00| 0 eng d
082 ## - DEWEY DECIMAL CLASSIFICATION NUMBER
Classification number 631.56
Item number ASW/DE
100 ## - MAIN ENTRY--AUTHOR NAME
Personal name Aswathy M.S
245 ## - TITLE STATEMENT
Title Development and performance evaluation of a rubber tapping machine
260 ## - PUBLICATION, DISTRIBUTION, ETC. (IMPRINT)
Place of publication Thavanur
Name of publisher Departmant of food and agriculture process engineering and technology
Year of publication 2018
300 ## - PHYSICAL DESCRIPTION
Number of Pages xi,89
Accompanying material CD
700 ## - ADDED ENTRY--PERSONAL NAME
Personal name George Mathew (Guide)
856 ## - ELECTRONIC LOCATION AND ACCESS
Uniform Resource Identifier <a href="https://drive.google.com/open?id=1N7z_o_AUAMnEV9VKBsGOSbmxY6cp_A_P">https://drive.google.com/open?id=1N7z_o_AUAMnEV9VKBsGOSbmxY6cp_A_P</a>
942 ## - ADDED ENTRY ELEMENTS (KOHA)
Koha item type Theses
Holdings
Withdrawn status Lost status Damaged status Home library Current library Date acquired Full call number Accession Number Koha item type Public note
      KAUAET KAUAET 23/07/2018 631.56 ASW/DE T 401 Theses M.Tech Thesis
free website counter